|
|
|
|
| LEADER |
00000nam0a2200000 4500 |
| 001 |
234491 |
| 005 |
20231101231327.0 |
| 035 |
|
|
|a (RuTPU)RU\TPU\book\255615
|
| 090 |
|
|
|a 234491
|
| 100 |
|
|
|a 20130326d1949 m y0rusy50 ca
|
| 101 |
0 |
|
|a rus
|
| 102 |
|
|
|a UA
|
| 105 |
|
|
|a a j 000zy
|
| 200 |
1 |
|
|a Задачник по методам геологической съемки
|h Ч. 1 : Горная геометрия
|f Г. П. Алферьев
|g Львовский государственный университет
|
| 210 |
|
|
|a Львов
|c Издание Львовского госуниверситета
|d 1949
|
| 215 |
|
|
|a 70 с.
|c ил.
|
| 606 |
|
|
|a Геологическая съемка
|2 stltpush
|3 (RuTPU)RU\TPU\subj\6039
|9 34003
|
| 610 |
1 |
|
|a горная геометрия
|
| 610 |
1 |
|
|a задачи
|
| 610 |
1 |
|
|a напластования
|
| 610 |
1 |
|
|a плоскости
|
| 610 |
1 |
|
|a подземный рельеф
|
| 610 |
1 |
|
|a геометрия пласта
|
| 610 |
1 |
|
|a тектонические нарушения
|
| 610 |
1 |
|
|a геометрия
|
| 675 |
|
|
|a 550.8:528(076)
|v 3
|
| 700 |
|
1 |
|a Алферьев
|b Г. П.
|
| 712 |
0 |
2 |
|a Львовский государственный университет
|2 stltpush
|3 (RuTPU)RU\TPU\col\12540
|9 25444
|
| 801 |
|
1 |
|a RU
|b 63413507
|c 20130326
|
| 801 |
|
2 |
|a RU
|b 63413507
|c 20170911
|g RCR
|
| 942 |
|
|
|c BK
|